Organizational consulting : how to be an effective internal change agent

Bibliographic Details
Main Author: Weiss, Alan 1946-
Format: Book
Published: New Jersey : John Wiley & Sons, Inc , 2003
Subjects:

MARC

LEADER 00000cam a2200000 7i4500
001 0000071940
005 20030929.0
020 |a 0471263788 
090 0 0 |a 001.068   |b WEI 
100 1 |a Weiss, Alan   |c 1946- 
245 1 0 |a Organizational consulting :   |b how to be an effective internal change agent   |c Alan Weiss 
260 |a New Jersey :   |b John Wiley & Sons, Inc ,   |c 2003 
300 |a 256p. ;   |c 24cm. 
650 0 0 |a Business consultants 
650 0 0 |a Organizational change 
650 0 0 |a Organizational effectiveness 
999 |a 00160675   |b BUKU   |c RUJUKAN   |e PERPUSTAKAAN KOMUNITI PETALING JAYA